Учнівські та студентські "Громади" - школа виховання української національної еліти (Запис № 367184)

МАРК-запис
000 -Лідер
fixed length control field 00734nam a22002417a 4500
003 - Ідентифікатор контрольного номера
control field UA-OsUOA
001 - Контрольний номер
control field 80835
007 - Фіксоване поле фізичного опису
fixed length control field ta
008 - Елементи даних фіксованої довжини – загальна інформація
fixed length control field 20111226b un ||||| |||| 00| 0 ukr d
090 ## - Локальний шифр розміщення
Класифікаційний індекс УДК 061.21(477):37
Авторський знак (НП) З-41
040 ## - Джерело каталогізації
Агенція оригінальної каталогізації UA-OsUOA
Мова каталогізації ukr
Агенція, яка здійснювала перезапис UA-OsUOA
Агенція, яка здійснювала модифікацію UA-OsUOA
041 ## - Код мови
Код мови тексту/ звукової доріжки чи окремого заголовка (П) ukr
080 ## - Індекс Універсальної десяткової класифікації
Індекс Універсальної десяткової класифікації (УДК) (НП) 061.21(477):37
020 ## - Міжнародний стандартний книжковий номер (ISBN)
Міжнародний стандартний книжковий номер (ISBN) (НП) 966-8452-03-8
100 ## - Основне введення – ім’я особи
Ім’я особи (НП) Збожна О.
245 ## - Відомості про назву
Назва (НП) Учнівські та студентські "Громади" - школа виховання української національної еліти
260 ## - Публікація, розповсюдження і т.п. (Вихідні дані)
Місце публікації, розповсюдження і т.п. (П) Тернопіль
Ім’я/ наймення видавництва, розповсюджувача і т.п. (П) Горлиця
Дата публікації, розповсюдження і т.п. (П) 2003
300 ## - Фізичний опис
Обсяг 188 с.
650 #7 - Додаткове предметне введення – тематичний термін
Тематичний термін чи географічна назва, як елемент введення (НП) 0 Загальний відділ.
Джерело заголовка чи терміна UDC
942 ## - Додаткові елементи входу (Коха)
Тип елемента Koha Книги
955 ## - Код типу видання за змістом
Код типу видання за змістом (НП) Наукові видання
Фонди
Стан вилучень Стан втрат Джерело класифікації або схеми стелажів Стан уражень Не для кредиту Постійне місце розташування Поточне розміщення Дата придбання Джерело придбання Вартість, звичайна ціна покупки Інвентарний номер Повний номер виклику Штрих-код Дата останнього перегляду Ціна ефективна від Тип елемента Koha Примітка, призначена для загального доступу Код колекції
    Universal Decimal Classification     АБ - Абонемент НБ АБ - Абонемент НБ 26/12/2011 151/2011 10.00 136384 061.21(477):37 З-41 136384 23/03/2022 26/12/2011 Книги З автографом О. Збожної  
    Universal Decimal Classification     АБ - Абонемент НБ АБ - Абонемент НБ 23/03/2018 11/2018 10.00 158420 061.21(477):37 З-41 158420 06/02/2022 26/12/2011 Книги з автографом О. Збожної Колекція Жулинського М.Г.